21 ਵੀਂ ਸਦੀ ਦੇ ਪੰਜਾਬੀ ਸਿਨੇਮਾ ਵਿੱਚ ਸੱਭਿਆਚਾਰਕ ਇਤਿਹਾਸ ਦੀ ਪੇਸ਼ਕਾਰੀ: (Record no. 1851189)

MARC details
000 -LEADER
fixed length control field 00879nam a22002057a 4500
005 - DATE AND TIME OF LATEST TRANSACTION
control field 20260511144510.0
008 - FIXED-LENGTH DATA ELEMENTS--GENERAL INFORMATION
fixed length control field 260511b |||||||| |||| 00| 0 eng d
040 ## - CATALOGING SOURCE
Transcribing agency CRL
041 ## - LANGUAGE CODE
Language code of text ਪੰਜਾਬੀ
100 ## - MAIN ENTRY--PERSONAL NAME
Student/researcher name ਕੌਰ, ਅਰਸ਼ਦੀਪ
245 ## - TITLE STATEMENT
Title 21 ਵੀਂ ਸਦੀ ਦੇ ਪੰਜਾਬੀ ਸਿਨੇਮਾ ਵਿੱਚ ਸੱਭਿਆਚਾਰਕ ਇਤਿਹਾਸ ਦੀ ਪੇਸ਼ਕਾਰੀ:
Remainder of title ਨਵ- ਇਤੀਹਸਵਾਦੀ ਪਰਿਪੇਖ
Statement of responsibility, etc. by ਅਰਸ਼ਦੀਪ ਕੌਰ
260 ## - PUBLICATION, DISTRIBUTION, ETC.
Place of publication, distribution, etc. Delhi,
Name of publisher, distributor, etc. University of Delhi:
Date of publication, distribution, etc. 2024.
300 ## - PHYSICAL DESCRIPTION
Extent 270 ਪ.
502 ## - Thesis Note
Degree type Ph.D.
Name of granting institution University of Delhi
650 ## - SUBJECT ADDED ENTRY--TOPICAL TERM
LCSH or local subjects ਪੰਜਾਬੀ ਸਿਨੇਮਾ
700 ## - ADDED ENTRY--PERSONAL NAME
Supervisor / Guide name ਬੇਅੰਤ ਕੌਰ
710 ## - ADDED ENTRY--CORPORATE NAME
Department Department of Punjabi, University of Delhi:
942 ## - ADDED ENTRY ELEMENTS (KOHA)
Koha item type Thesis
100 ## - MAIN ENTRY--PERSONAL NAME
-- 1239000
650 ## - SUBJECT ADDED ENTRY--TOPICAL TERM
-- 1239001
700 ## - ADDED ENTRY--PERSONAL NAME
-- 1239002
710 ## - ADDED ENTRY--CORPORATE NAME
-- 1238985
999 ## -
-- 1851189
-- 1851189
Holdings
Withdrawn status Lost status Not for loan Home library Current library Date acquired Accession Number Koha item type
      Central Library Central Library 2026-05-11 TH0028501 Thesis
Copyright @ Delhi University Library System